| Tag |
First Indicator |
Second Indicator |
Subfields |
| LEADER |
00000cam a2200000 a 4500 |
| 001 |
in00000082865 |
| 005 |
20230328163320.2 |
| 008 |
810806s1980 waua b 101 0 eng |
| 010 |
|
|
|a 80052701
|
| 020 |
|
|
|a 089252281X (pbk.)
|
| 035 |
|
|
|a (OCoLC)07063603
|
| 035 |
|
|
|9 AAJ0105AM
|
| 039 |
0 |
|
|a 2
|b 3
|c 3
|d 3
|e 3
|
| 040 |
|
|
|a DLC
|c DLC
|d TXA
|d UtOrBLW
|
| 049 |
|
|
|a TXAM
|c [1195992]
|
| 050 |
0 |
0 |
|a TA1632
|b .S63
|
| 082 |
0 |
|
|a 621.36/7
|2 19
|
| 090 |
|
|
|a TA1632
|b .S65
|
| 245 |
0 |
0 |
|a Smart sensors II :
|b July 31-August 1, 1980, San Diego, California /
|c David F. Barbe, editor.
|
| 264 |
|
1 |
|a Bellingham, Wash. :
|b Society of Photo-optical Instrumentation Engineers,
|c [1980]
|
| 264 |
|
4 |
|c ©1980
|
| 300 |
|
|
|a vi, 132 pages :
|b illustrations ;
|c 28 cm.
|
| 336 |
|
|
|a text
|b txt
|2 rdacontent
|
| 337 |
|
|
|a unmediated
|b n
|2 rdamedia
|
| 338 |
|
|
|a volume
|b nc
|2 rdacarrier
|
| 490 |
1 |
|
|a Proceedings of the Society of Photo-Optical Instrumentation Engineers ;
|v v. 252
|
| 504 |
|
|
|a Includes bibliographical references and indexes.
|
| 650 |
|
0 |
|a Image processing
|v Congresses.
|
| 650 |
|
0 |
|a Optical data processing
|v Congresses.
|
| 650 |
|
0 |
|a Signal processing
|v Congresses.
|
| 650 |
|
0 |
|a Optical detectors
|v Congresses.
|
| 700 |
1 |
|
|a Barbe, D. F.
|q (David F.),
|d 1939-
|
| 710 |
2 |
|
|a Society of Photo-optical Instrumentation Engineers.
|
| 830 |
|
0 |
|a Proceedings of SPIE--the International Society for Optical Engineering ;
|v v. 252.
|
| 856 |
4 |
1 |
|u https://www.spiedigitallibrary.org/conference-proceedings-of-SPIE/0252.toc
|t 0
|
| 999 |
|
|
|a MARS
|
| 999 |
f |
f |
|s 76b50972-84b7-3914-a24d-13e3342e4f9a
|i 02afad28-ac27-38da-97de-56af89c2a508
|t 0
|
| 952 |
f |
f |
|p normal
|a Texas A&M University
|b College Station
|c Sterling C. Evans Library
|d Evans: Library Stacks
|t 0
|e TA1632 .S65
|h Library of Congress classification
|i unmediated -- volume
|m A14806244196
|
| 952 |
f |
f |
|p ric
|a Texas A&M University
|b Rellis Campus
|c Joint Library Facility
|d Remote Storage
|t 0
|e TA1632 .S65
|h Library of Congress classification
|i unmediated -- volume
|m A14807266052
|
| 998 |
f |
f |
|a TA1632 .S65
|t 0
|l Evans: Library Stacks
|
| 998 |
f |
f |
|a TA1632 .S65
|t 0
|l Remote Storage
|